000 00823nam a22002177a 4500
005 20150717091446.0
008 140919b2003 ck ||||| |||| 00| 0 spa d
020 _a9589571298
040 _aCO-BoIAVH
_cCO-BoIAVH
041 _aspa
044 _ack
082 0 4 _a342.0413
_bJ61s
100 1 _aJiménez-Rojas, Arturo
_920282
245 1 0 _aServidumbres ecológicas en Colombia y Latinoamerica :
_bmarco conceptual y legal
_cedición y textos de Arturo Jiménez Rojas
260 _aSantiago de Cali :
_bAsociación colombiana de reservas naturales de la sociedad civil - Red,
_bThe Nature Consevancy,
_bWWF,
_c2003.
300 _a43 p.
_c28 cm.
590 _aDocumento presenta humedad y deterioro leve
650 4 _aJurisdicción
_xterritorio
_935852
650 4 _aServidumbres ecológicas
_935853
942 _cFolleto
_2ddc
999 _c8719
_d8719